| 000 | 00854nam a2200265Ia 4500 | ||
|---|---|---|---|
| 003 | OSt | ||
| 005 | 20220928115742.0 | ||
| 006 | a|||||r|||| 00| 0 | ||
| 007 | ta | ||
| 008 | 220927b |||||||| |||| 00| 0 eng d | ||
| 020 |
_a9783030378219 _cEURO 84.99 |
||
| 024 | _a146213 | ||
| 037 |
_b35, 10/12/2021, Classic Book Service _cTextual |
||
| 040 |
_aSDCL _cSDCL _beng |
||
| 041 |
_2eng _aeng |
||
| 082 | _aB28931, R0 | ||
| 100 |
_aZaslavski Alexander J. _9427140 |
||
| 245 | 0 | _aConvex optimization with computational errors | |
| 260 |
_aCham _bSpringer _c2020 |
||
| 300 |
_axi,360p. _ccm. |
||
| 490 | _aSpringer optimization and its application (Vol.155) | ||
| 650 | _aApplied Operation Research | ||
| 942 |
_hB28931, R0 _cTEXL _2CC |
||
| 999 |
_c760787 _d760787 |
||